000 00257nam a22001097a 4500
999 _c260527
_d260526
020 _a9780679890706
100 _aMary Pope Osborne
245 _a28 High Tide in Hawaii
260 _aNew York
_bRandom House
_c2001
490 _aMagic Tree House
942 _cBK